[Event "Titled Tuesday intern op 30th Apr Early"]
[Site "Chess.com INT"]
[Date "2024.04.30"]
[Round "11"]
[White "Iskusnyh, Sergei"]
[Black "Womacka, Mathias"]
[Result "0-1"]
[WhiteElo "2440"]
[BlackElo "2359"]
[PlyCount "60"]
[EventDate "2024.04.30"]
[EventType "swiss (blitz)"]
[EventRounds "11"]
[EventCountry "USA"]
[SourceTitle "CB19_2024"]
[SourceDate "2024.05.08"]
[SourceVersion "1"]
[SourceVersionDate "2024.05.08"]
[SourceQuality "1"]

1. d4 Nf6 2. c4 e6 3. g3 c5 4. Nf3 cxd4 5. Nxd4 Qc7 6. Nd2 Nc6 7. Nb5 Qb6 8. Bg2 d5 9. 0-0 dxc4 10. a4 Na5 11. Qc2 Bd7 12. Nxc4 Nxc4 13. Qxc4 Rc8 14. Qh4 h6 15. Be3 Bc5 16. Bxc5 Rxc5 17. Qd4 Bxb5 18. axb5 0-0 19. Rfb1 Rd8 20. Qe3 Rxb5 21. Qxb6 axb6 22. Bxb7 Rd2 23. b4 Rd4 24. Ra8+ Kh7 25. Rc1 Rbxb4 26. Rc7 Rd7 27. Be4+ Rxe4 28. Rcc8 Rxe2 29. h4 h5 30. Rh8+ Kg6 0-1

[Event "Titled Tuesday intern op 16th Apr Late"]
[Site "Chess.com INT"]
[Date "2024.04.16"]
[Round "7"]
[White "Bold, Andre"]
[Black "Womacka, Mathias"]
[Result "0-1"]
[WhiteElo "2218"]
[BlackElo "2359"]
[PlyCount "104"]
[EventDate "2024.04.16"]
[EventType "swiss (blitz)"]
[EventRounds "11"]
[EventCountry "USA"]
[SourceTitle "CB17_2024"]
[SourceDate "2024.04.24"]
[SourceVersion "1"]
[SourceVersionDate "2024.04.24"]
[SourceQuality "1"]

1. d4 Nf6 2. Nf3 e6 3. e3 c5 4. Nbd2 Nc6 5. c3 d5 6. Bd3 Bd6 7. dxc5 Bxc5 8. 0-0 0-0 9. b4 Bd6 10. Bb2 a5 11. b5 Ne5 12. Nxe5 Bxe5 13. Nf3 Bd6 14. c4 Bd7 15. Rc1 Qe7 16. a4 Ba3 17. Qb3 Bxb2 18. Qxb2 Rfc8 19. Qd4 Be8 20. c5 Nd7 21. c6 bxc6 22. bxc6 Nb8 23. c7 Nc6 24. Qc3 Rxc7 25. Nd4 Rac8 26. Nb5 Rb7 27. Qd2 Rbb8 28. Bb1 Nb4 29. h3 g6 30. Qd4 e5 31. Rxc8 Rxc8 32. Qb6 Qd8 33. Qa7 Rb8 34. Rc1 Bxb5 35. axb5 Rxb5 36. Rc7 Nc6 37. Rxc6 Rxb1+ 38. Kh2 Rb8 39. Rc7 Ra8 40. Qb7 Qb8 41. Qxd5 Qxc7 42. Qxa8+ Kg7 43. e4 Qc5 44. Kg3 Qc3+ 45. f3 Qb4 46. h4 a4 47. h5 a3 48. h6+ Kxh6 49. Kg4 Kg7 50. g3 h5+ 51. Kh3 Qb2 52. f4 a2 0-1

[Event "Titled Tuesday intern op 16th Apr Early"]
[Site "Chess.com INT"]
[Date "2024.04.16"]
[Round "11"]
[White "Womacka, Mathias"]
[Black "Rustamov, Rustam"]
[Result "0-1"]
[WhiteElo "2359"]
[BlackElo "2261"]
[PlyCount "96"]
[EventDate "2024.04.16"]
[EventType "swiss (blitz)"]
[EventRounds "11"]
[EventCountry "USA"]
[SourceTitle "CB17_2024"]
[SourceDate "2024.04.24"]
[SourceVersion "1"]
[SourceVersionDate "2024.04.24"]
[SourceQuality "1"]

1. e4 c5 2. Nf3 d6 3. d4 cxd4 4. Nxd4 Nf6 5. Nc3 e5 6. Bb5+ Nbd7 7. Nf5 a6 8. Bxd7+ Qxd7 9. Bg5 Nxe4 10. Nxg7+ Bxg7 11. Nxe4 0-0 12. Nf6+ Bxf6 13. Bxf6 Qe6 14. Qf3 Qf5 15. Qxf5 Bxf5 16. 0-0-0 Rfc8 17. c3 Rc6 18. Be7 Re8 19. Bxd6 f6 20. Ba3 Be6 21. Kb1 b5 22. Rd2 a5 23. Rhd1 Kf7 24. Rd6 Rec8 25. Rxc6 Rxc6 26. Rd6 Rc8 27. Rb6 b4 28. Bxb4 axb4 29. Rxb4 Rd8 30. a4 Rd1+ 31. Kc2 Rf1 32. f4 exf4 33. Kd3 Bd5 34. a5 Bxg2 35. Ra4 Bc6 36. Ra3 f3 37. b4 f2 38. Ke3 f5 39. c4 Rc1 40. Kxf2 Rxc4 41. Rb3 Bb5 42. Ke3 Ke6 43. Ra3 Rxb4 44. a6 Ra4 45. Rxa4 Bxa4 46. a7 Bc6 47. Kf4 Kf6 48. h4 h5 0-1

[Event "Titled Tuesday intern op 12th Dec Early"]
[Site "Chess.com INT"]
[Date "2023.12.12"]
[Round "10"]
[White "Womacka, Mathias"]
[Black "Arslanov, Shamil"]
[Result "1-0"]
[WhiteElo "2354"]
[BlackElo "2410"]
[PlyCount "77"]
[EventDate "2023.12.12"]
[EventType "swiss (blitz)"]
[EventRounds "11"]
[EventCountry "USA"]
[SourceTitle "CB51_2023"]
[SourceDate "2023.12.20"]
[SourceVersion "1"]
[SourceVersionDate "2023.12.20"]
[SourceQuality "1"]

1. e4 d6 2. d4 e5 3. Nf3 Bg4 4. dxe5 Nc6 5. exd6 Bxd6 6. Be2 Qe7 7. h3 Bh5 8. Be3 0-0-0 9. Nbd2 Nf6 10. Nh4 Bxe2 11. Qxe2 Nxe4 12. Qg4+ Kb8 13. Qxe4 Qf6 14. 0-0-0 Rhe8 15. Qa4 Re5 16. Nhf3 Ra5 17. Qb3 a6 18. Nc4 Rb5 19. Qc3 Qg6 20. Nxd6 cxd6 21. Nd4 Rc5 22. Nxc6+ Rxc6 23. Qd3 Qxg2 24. Rhg1 Qf3 25. Ba7+ Kxa7 26. Qxf3 Rdc8 27. c3 Rb6 28. Rxg7 Rc7 29. Rxf7 Rc5 30. Rg7 Ra5 31. Rf7 Rxa2 32. Qe3 Raxb2 33. Rxd6 Rb1+ 34. Kc2 R1b2+ 35. Kd3 a5 36. Rxb6 Rxb6 37. Rf6 a4 38. Qxb6+ Kb8 39. Rf8# 1-0

[Event "Titled Tuesday intern op 12th Dec Early"]
[Site "Chess.com INT"]
[Date "2023.12.12"]
[Round "9"]
[White "Womacka, Mathias"]
[Black "Ovezdurdiyeva, Jemal"]
[Result "1-0"]
[WhiteElo "2354"]
[BlackElo "2057"]
[PlyCount "23"]
[EventDate "2023.12.12"]
[EventType "swiss (blitz)"]
[EventRounds "11"]
[EventCountry "USA"]
[SourceTitle "CB51_2023"]
[SourceDate "2023.12.20"]
[SourceVersion "1"]
[SourceVersionDate "2023.12.20"]
[SourceQuality "1"]

1. e4 d6 2. d4 Nf6 3. Nc3 g6 4. f4 Bg7 5. Nf3 c6 6. Bd3 b5 7. e5 dxe5 8. dxe5 Nd5 9. a4 Nxc3 10. bxc3 0-0 11. axb5 cxb5 12. Be4 1-0

[Event "Titled Tuesday intern op 19th Sep Early"]
[Site "Chess.com INT"]
[Date "2023.09.19"]
[Round "4"]
[White "Womacka, Mathias"]
[Black "Lesbekova, Asel"]
[Result "1-0"]
[WhiteElo "2371"]
[BlackElo "1805"]
[PlyCount "117"]
[EventDate "2023.09.19"]
[EventType "swiss (blitz)"]
[EventRounds "11"]
[EventCountry "USA"]
[SourceTitle "EXT 2024"]
[Source "ChessBase"]
[SourceDate "2023.10.10"]
[SourceVersion "1"]
[SourceVersionDate "2023.10.10"]
[SourceQuality "1"]

1. e4 e5 2. Nf3 Nf6 3. Nxe5 Nxe4 4. Qe2 Qe7 5. Qxe4 d6 6. d4 dxe5 7. dxe5 Nc6 8. Nc3 Qxe5 9. Qxe5+ Nxe5 10. Bf4 Bd6 11. Bg3 Bf5 12. 0-0-0 0-0-0 13. Nb5 a6 14. Nxd6+ cxd6 15. Be2 Rhe8 16. Rd2 f6 17. Rhd1 Re6 18. b3 Kc7 19. Kb2 b5 20. Bf1 h5 21. h4 Kc6 22. Rd4 g5 23. a4 Ng6 24. axb5+ axb5 25. hxg5 fxg5 26. Rd5 Ne7 27. Bxb5+ Kb6 28. Rxd6+ Rdxd6 29. Rxd6+ Kxb5 30. c4+ Kc5 31. Rd2 Bg4 32. Kc3 Kc6 33. b4 h4 34. Bh2 Nc8 35. b5+ Kb6 36. f3 Bf5 37. Kb4 Kb7 38. c5 g4 39. c6+ Kb6 40. Bg1+ Kc7 41. Rd7+ Kb8 42. Rf7 Bg6 43. Rb7+ Ka8 44. fxg4 Re4+ 45. Kc5 Re5+ 46. Kb4 Re4+ 47. Ka5 Rxg4 48. Rc7 Kb8 49. Rb7+ Ka8 50. Rg7 Bf5 51. Rf7 Bb1 52. b6 Rg5+ 53. Kb4 Nxb6 54. Bxb6 Rg4+ 55. Kc5 Rg8 56. Ra7+ Kb8 57. Rb7+ Kc8 58. Ba7 Bh7 59. Rxh7 1-0

[Event "Titled Tuesday intern op 19th Sep Early"]
[Site "Chess.com INT"]
[Date "2023.09.19"]
[Round "5"]
[White "Womacka, Mathias"]
[Black "Marcziter, Dmitrii"]
[Result "0-1"]
[WhiteElo "2371"]
[BlackElo "2236"]
[PlyCount "68"]
[EventDate "2023.09.19"]
[EventType "swiss (blitz)"]
[EventRounds "11"]
[EventCountry "USA"]
[SourceTitle "EXT 2024"]
[Source "ChessBase"]
[SourceDate "2023.10.10"]
[SourceVersion "1"]
[SourceVersionDate "2023.10.10"]
[SourceQuality "1"]

1. e4 c5 2. Nf3 a6 3. c4 e6 4. Nc3 Qc7 5. d4 cxd4 6. Nxd4 Nf6 7. Bd3 Bc5 8. Be3 d6 9. 0-0 Nc6 10. Nc2 Ne5 11. Be2 Bd7 12. f4 Ng6 13. Kh1 Bxe3 14. Nxe3 Bc6 15. Bd3 0-0 16. Rc1 Qa5 17. a3 Rac8 18. b4 Qd8 19. Bb1 b5 20. cxb5 axb5 21. Bd3 Qb6 22. Qe2 Qb7 23. Nc2 e5 24. f5 Nf4 25. Qe3 d5 26. exd5 N6xd5 27. Nxd5 Bxd5 28. Qxe5 Nxd3 29. Qg3 Nxc1 30. Ne3 Ne2 31. Qg4 Rfe8 32. f6 g6 33. Qg5 Rxe3 34. Rf2 Rc1+ 0-1

[Event "Titled Tuesday intern op 19th Sep Late"]
[Site "Chess.com INT"]
[Date "2023.09.19"]
[Round "10"]
[White "Womacka, Mathias"]
[Black "Tristan, Leonardo"]
[Result "0-1"]
[WhiteElo "2371"]
[BlackElo "2523"]
[PlyCount "86"]
[EventDate "2023.09.19"]
[EventType "swiss (blitz)"]
[EventRounds "11"]
[EventCountry "USA"]
[SourceTitle "EXT 2024"]
[Source "ChessBase"]
[SourceDate "2023.10.10"]
[SourceVersion "1"]
[SourceVersionDate "2023.10.10"]
[SourceQuality "1"]

1. e4 d5 2. exd5 Qxd5 3. Nc3 Qa5 4. d4 Nf6 5. Nf3 Bf5 6. Bd2 e6 7. Bc4 Bb4 8. a3 Bxc3 9. Bxc3 Qb6 10. Ne5 Nc6 11. Nxc6 Qxc6 12. Qe2 Qxg2 13. 0-0-0 Bg4 14. f3 Qxf3 15. Qd2 Ne4 16. Qd3 Qxd3 17. Rxd3 Nf2 18. Rg3 Bf5 19. Re1 Ne4 20. Rxg7 Nxc3 21. bxc3 Bg6 22. Bxe6 Kf8 23. Rxf7+ Bxf7 24. Rf1 Ke7 25. Bxf7 Raf8 26. Bc4 Rxf1+ 27. Bxf1 Rf8 28. Bd3 h5 29. h4 Rf4 30. Kd2 Rxh4 31. Ke3 Rg4 32. Be2 Rg3+ 33. Bf3 h4 34. Kf4 c6 35. c4 Rg8 36. Bg4 Kd6 37. c3 b6 38. a4 a6 39. Kf5 Re8 40. Kg5 Re3 41. c5+ bxc5 42. dxc5+ Kxc5 43. Kxh4 Rxc3 0-1

[Event "Titled Tuesday intern op 19th Sep Early"]
[Site "Chess.com INT"]
[Date "2023.09.19"]
[Round "10"]
[White "Womacka, Mathias"]
[Black "Xu, Yi"]
[Result "0-1"]
[WhiteElo "2371"]
[BlackElo "2500"]
[PlyCount "90"]
[EventDate "2023.09.19"]
[EventType "swiss (blitz)"]
[EventRounds "11"]
[EventCountry "USA"]
[SourceTitle "EXT 2024"]
[Source "ChessBase"]
[SourceDate "2023.10.10"]
[SourceVersion "1"]
[SourceVersionDate "2023.10.10"]
[SourceQuality "1"]

1. e4 e5 2. Nf3 Nf6 3. Nxe5 d6 4. Nf3 Nxe4 5. d4 d5 6. Bd3 Bf5 7. 0-0 Be7 8. Nc3 0-0 9. Re1 Nxc3 10. bxc3 Bxd3 11. Qxd3 Nc6 12. Rb1 Na5 13. Bf4 c6 14. Ne5 Bd6 15. Qg3 f6 16. Nxc6 Bxf4 17. Nxd8 Bxg3 18. Ne6 Bd6 19. Nxf8 Kxf8 20. Rb5 b6 21. Rxd5 Nc4 22. g3 Kf7 23. Kg2 Re8 24. Rxe8 Kxe8 25. Kf3 Kd7 26. Ke4 g6 27. Kd3 Nb2+ 28. Ke4 f5+ 29. Ke3 Kc6 30. Rxd6+ Kxd6 31. Kf4 h6 32. h4 Ke6 33. g4 fxg4 34. Kxg4 Nd1 35. c4 Nxf2+ 36. Kf3 Nd1 37. Kf4 Nc3 38. a3 Kd6 39. Ke3 Nd1+ 40. Kd2 Nf2 41. Ke3 Ng4+ 42. Kf4 Nf6 43. a4 a5 44. Ke3 Ne8 45. Ke4 Ng7 0-1

[Event "Titled Tuesday intern op 12th Sep Late"]
[Site "Chess.com INT"]
[Date "2023.09.12"]
[Round "4"]
[White "Ezat, Mohamed Mahmoud"]
[Black "Womacka, Mathias"]
[Result "0-1"]
[WhiteElo "2382"]
[BlackElo "2371"]
[PlyCount "94"]
[EventDate "2023.09.12"]
[EventType "swiss (blitz)"]
[EventRounds "11"]
[EventCountry "USA"]
[SourceTitle "EXT 2024"]
[Source "ChessBase"]
[SourceDate "2023.10.10"]
[SourceVersion "1"]
[SourceVersionDate "2023.10.10"]
[SourceQuality "1"]

1. d4 Nf6 2. c4 e6 3. Nc3 Bb4 4. e3 c5 5. a3 Bxc3+ 6. bxc3 0-0 7. Bd3 b6 8. Ne2 Ba6 9. e4 Ne8 10. Ng3 Nc6 11. 0-0 cxd4 12. cxd4 Nxd4 13. f4 Rc8 14. f5 Bxc4 15. f6 b5 16. e5 d6 17. fxg7 Nxg7 18. Bh6 dxe5 19. Bxg7 Kxg7 20. Qh5 f5 21. Bxc4 Rxc4 22. Rae1 e4 23. Qd1 Nc2 24. Qb1 Qd4+ 25. Kh1 Nxe1 26. Rxe1 Rfc8 27. h3 Qf2 28. Nh5+ Kg6 29. Rf1 Qc2 30. Nf4+ Kf7 31. Qe1 Qc1 32. Qh4 Qxf1+ 33. Kh2 Rc2 34. Qxh7+ Kf6 35. Qg6+ Ke5 36. Qxe6+ Kxf4 37. Qd6+ Ke3 38. Qg3+ Ke2 39. Qd6 Ke1 40. Qg6 Rxg2+ 41. Qxg2 Qxg2+ 42. Kxg2 e3 43. h4 e2 44. Kh3 Kd2 45. h5 e1Q 46. Kg2 Rg8+ 47. Kf3 Qe3# 0-1

[Event "Titled Tuesday intern op 12th Sep Early"]
[Site "Chess.com INT"]
[Date "2023.09.12"]
[Round "11"]
[White "Gubajdullin, Alexey"]
[Black "Womacka, Mathias"]
[Result "0-1"]
[WhiteElo "2253"]
[BlackElo "2371"]
[PlyCount "88"]
[EventDate "2023.09.12"]
[EventType "swiss (blitz)"]
[EventRounds "11"]
[EventCountry "USA"]
[SourceTitle "EXT 2024"]
[Source "ChessBase"]
[SourceDate "2023.10.10"]
[SourceVersion "1"]
[SourceVersionDate "2023.10.10"]
[SourceQuality "1"]

1. d4 Nf6 2. Nf3 e6 3. Bf4 c5 4. e3 d5 5. Nbd2 Bd6 6. Bb5+ Nc6 7. Ne5 Qc7 8. Bxc6+ bxc6 9. Ndf3 cxd4 10. exd4 Ba6 11. c4 Bxc4 12. Rc1 Qa5+ 13. Bd2 Qxa2 14. Nxc4 dxc4 15. 0-0 0-0 16. Qe2 c5 17. Bc3 cxd4 18. Bxd4 Nd5 19. Rxc4 Rfc8 20. Rxc8+ Rxc8 21. g3 Qc4 22. Qd2 a6 23. Qg5 Bf8 24. Rd1 Qe2 25. Rc1 Rxc1+ 26. Qxc1 Qxf3 27. Qf1 a5 28. Qc4 h6 29. h4 Qe4 30. f3 Qxf3 31. Bf2 Ne3 32. Bxe3 Qxg3+ 33. Kh1 Qxe3 34. b4 axb4 35. h5 b3 36. Qb5 Qc3 37. Kg2 b2 38. Qb8 Qc2+ 39. Kf3 b1Q 40. Qa8 Qh1+ 41. Kg4 Qxa8 42. Kg3 Qa3+ 43. Kf4 Qc4+ 44. Ke5 Qd6# 0-1